[Event "ch-ESP Final"]
[Site "Ayamonte ESP"]
[Date "2002.10.11"]
[Round "1"]
[White "Shirov, Alexei"]
[Black "Vallejo Pons, Francisco"]
[Result "1-0"]
[WhiteElo "2699"]
[BlackElo "2635"]
[Annotator "Ubilava, E"]
[PlyCount "157"]
[EventDate "2002.10.11"]
[EventType "game"]
[Source "EDAMI"]
[SourceDate "2006.12.20"]

{No estoy seguro si se trata de una defensa Caro-Kann o de una Francesa. De
todas formas, las transposiciones de una apertura a otra son muy frecuentes en
la teoría moderna. Finalmente surgió una estructura Francesa que tenía una
pinta más que satisfactoria para las negras. Pero muchas veces lo que cuenta
es el estado de forma de un jugador. Y no cabe duda que A.Shirov está en una
forma espléndida y sus reflejos, su cálculo, más la experiencia, y si queréis,
su estado de gracia le ha hecho intratable en este torneo. Parecía que podía
hacer lo que quisiera y finalmente ganar la partida. Después del sacrificio de
dama la posición parecía buena para Vallejo, pero las negras se estancaron con
sus piezas, mientras Alexsei mejoraba la ubicación de sus piezas. Finalmente
las blancas pudieron avanzar su peón "h" apoyado incluso con su rey. Paco
intentó conseguir contrajuego, pero las fuerzas enemigas fueron muy superiores.
} 1. e4 c6 2. d4 d5 3. e5 c5 4. dxc5 e6 5. Qg4 {Sobre gustos no se puede
discutir, aunque a mí me parece muy prematura la salida de dama.} h5 6. Qf4
Bxc5 7. Bd3 Qb6 8. c3 Bd7 9. b4 {La guerra empieza sin previo aviso, pero a
quién le sorprendería eso. Los dos jugadores son muy aficionados a romper las
reglas lo antes posible.} Be7 10. Be3 g5 {
!Vaya, vaya, vaya!. En esta partida la vida de un ser humano no vale nada} 11.
Qg3 h4 12. Qh3 Qc7 13. f4 {
Empieza a correr la sangre, aunque las blancas ya no podían conformarse con} (
13. Nf3 Nc6 14. O-O Nh6) 13... Nc6 14. Nf3 gxf4 15. Bxf4 f5 {
Las negras tenían la posibilidad de jugar} (15... Bf6 16. O-O Nxe5 17. Re1 ({
no es suficiente} 17. Bxe5 Bxe5 18. Ng5 Nf6 19. Nd2 Bf4 20. Nxf7 Kxf7 {
las negras deben ganar.}) 17... Nxf3+ 18. Qxf3 Qb6+ 19. Be3 ({En caso de} 19.
Kh1 h3 {parece muy fuerte.}) 19... Qc7 20. Bd4 Bxd4+ 21. cxd4 {Quizás esa ión
no le convenció a Vallejo y por eso eligió la continuación más estable.}) 16.
O-O Nh6 17. b5 Bc5+ 18. Kh1 Ne7 {Diagrama.} 19. Qxh4 $1 {
Shirov está preparando un sacrificio de dama bastante polémico.} O-O-O 20. Bxh6
Ng8 21. Bf4 {Parece que a las blancas les importa más su alfil que su dama,
pero con este sacrificio quieren terminar con cualquier iniciativa en el
flanco de rey de su rival y mantiener ciertas perspectivas para dominar el
centro a través de la casilla d4.} Rxh4 22. Nxh4 Ne7 23. Nd2 ({Es prematuro} 
23. Nxf5 {por} Nxf5 24. Bxf5 Qb6) 23... Rh8 24. Nxf5 Nxf5 25. Bxf5 Qb6 ({
La posición de las negras parece inestable después de} 25... exf5 26. e6 Bd6
27. Bxd6 Qxd6 28. exd7+ Kxd7 29. Nf3 {pero, por supuesto, no están inferior.})
26. Bg4 Be3 27. Rae1 Bxf4 28. Rxf4 Qxb5 29. Nb3 Qd3 30. Rf3 Qg6 31. Bh3 Rh5 32.
Kg1 Kb8 {Por fin ha terminado el rifirrafe con una posición aproximadamente
equilibrada. Las blancas tienen suficiente compensación por su dama y la
cuestion es si existen recursos que puedan cambiar este equilibrio a favor de
uno de los jugadores.} (32... Qg7 33. Rfe3 Qh6 34. Nd4 Kb8 {
es una transposición.}) 33. Nd4 a6 34. Rg3 Qh6 35. Bg4 Rg5 36. h3 Rg8 37. Rf3
Qd2 38. Re2 Qc1+ 39. Kh2 {Las blancas están mejorando poco a poco la posición
de sus piezas, mientras las negras quieren mantener el equilibrio.} Rg6 40. Bh5
Rh6 41. Bg4 Qg5 {Paco podía repetir la posición después de} (41... Rg6) 42. Rg3
Qf4 43. Ree3 Qf2 44. Ref3 Qe1 ({
Creo que las negras debían tomar la decisión de entrar en la variante} 44...
Qxa2 45. Rf6 Rh8 46. Bxe6 Bxe6 47. Rxe6 {y me parece que el peón pasado "a"
les proporciona suficiente contrajuego para mantener el equilibrio.}) 45. Rf7
Bc8 46. Be2 {las piezas blancas son peligrosas.} Rh8 47. a4 Ka8 48. a5 Qa1 49.
Bg4 Qe1 50. Be2 Qa1 51. Rf6 Qe1 ({
Nuevamente las negras no se atreven a transformar la posición} 51... Qxa5 52.
Bg4 Qa1 53. Bxe6 Bxe6 54. Rxe6) 52. Rf1 Qd2 53. Rf7 Qe1 54. Rf6 Re8 55. Rf1 Qd2
56. Bh5 Rh8 57. Bf7 Rf8 58. h4 {Finalmente las blancas consiguen reactivar su
peón pasado, lo que decide la suerte de esta partida.} Qh6 59. Kh3 Rh8 60. h5
Bd7 61. Kh4 Qf8 62. Rf6 Qb8 ({Aquí ya parece tarde para todo:} 62... Qd8 63.
Nxe6 Qxa5 64. Nd4) 63. Nf3 Ka7 64. h6 {Las blancas tienen mucha superioridad y
ya pueden manejar la posición con facilidad, así que la victoria es cuestión
de tiempo.} Qf8 65. Rgg6 Qc5 66. Rg8 Qf2+ 67. Kh3 Rh7 68. Rg7 Rh8 69. Bxe6 Bc6
70. Bf5 Bb5 71. Rb6 Ka8 72. h7 Bf1 {Vallejo casi consigue salvarse, pero las
blancas pueden escaparse del jaque continuo.} 73. Rg8+ ({No vale} 73. Kh2 $2 {
por} Bxg2 $1 74. Rxg2 Qxf3) 73... Ka7 74. Rxh8 Qxf3+ ({
Era mejor tomar con el alfil} 74... Bxg2+ 75. Kg4 Bxf3+ 76. Kg5 Qg3+ 77. Kf6
Qh4+ 78. Kf7 Bh5+ 79. Bg6 Qf4+ 80. Rf6 Bxg6+ 81. Kxg6 Qg4+ 82. Kh6 Qh4+ 83. Kg7
Qg5+ 84. Kf7 Qh5+ 85. Ke6 Qh3+ 86. Kd6 {
Pero finalmente el rey blanco se escapa.}) 75. Kh4 Qf4+ 76. g4 Qxe5 77. Rg8
Qh2+ 78. Kg5 Qd2+ 79. Kg6 1-0

[Event "FIDE GP"]
[Site "Hyderabad IND"]
[Date "2002.10.20"]
[Round "2"]
[White "Anand, Viswanathan"]
[Black "Kasimdzhanov, Rustam"]
[Result "1-0"]
[WhiteElo "2755"]
[BlackElo "2653"]
[Annotator "Ubilava, E"]
[PlyCount "57"]
[EventDate "2002.10.19"]
[EventType "game"]
[Source "EDAMI"]
[SourceDate "2006.12.20"]

1. e4 e5 2. Nf3 Nf6 {Aunque muchos jugadores siguen utilizando la Petrov, creo
que desde que Kramnik dejó de utilizar esa defensa las negras no se sienten
tan seguras.} 3. Nxe5 d6 4. Nf3 Nxe4 5. d4 d5 6. Bd3 Bd6 {
Ahora esta jugada está de moda, pero sigue vigente la continuación} (6... Nc6)
7. O-O O-O 8. c4 c6 9. Qc2 Na6 10. a3 Re8 11. Nc3 Bf5 {
Kasimdzhanov prefiere esta jugada a} (11... Bg4 {
Quizás sea porque las negras tienen dificultades después de:} 12. Nxe4 dxe4 13.
Bxe4 Bxf3 14. Bxf3 Qh4 15. g3 Qxd4 16. Be3 Qf6 17. b4 Nc7 18. Be4 g6 19. Rad1
a5 20. b5 Bxa3 21. bxc6 bxc6 22. Bd4 Qe6 23. Ba1 {
Kasimdzhanov-Akopian FIDE GP 2002.}) 12. Re1 {En los cuartos de finales de
este mismo evento, el jugador chino Ye Jiangchuan respondió} (12. Be3 {
y después de} Bg6 13. c5 Bc7 14. Ne2 Nb8 15. Bf4 Nd7 16. Bxc7 Qxc7 17. Nh4 Nef6
18. Nxg6 hxg6 19. b4 Re7 {la posicion quedo igualada.}) 12... h6 {
La idea de las negras es evitar un eventual de Bg5 en la variante:} (12... Bg6
13. Nxe4 dxe4 14. Bxe4 Qe7 15. Bg5 {(aqui!)} Bxe4 16. Bxe7 Bxh2+ 17. Kxh2 Bxc2
18. d5 {las blancas están mejor.}) 13. c5 Bc7 {Uno de los problemas de las
negras en esta variante es la mala coordinación entre el alfil negro y el
caballo en a6.} 14. Bd2 Ba5 {" Kasim" decide dar el alfil negro liberando a
cambio la casilla c7 para su caballo. Las blancas sacan su alfil en la
diagonal tan deseada y consiguen ventaja de espacio.} 15. Bf4 ({No sirve} 15.
b4 $2 Bxb4 16. axb4 Nxb4 17. Qb1 Nxd2) 15... Bxc3 16. bxc3 Nc7 17. h3 Ne6 18.
Bh2 N6g5 $6 {Las negras no están preparadas para esos saltos. Había que elegir}
(18... Bh7 {Por ejemplo:} 19. Qb2 ({en caso de} 19. c4 Nf6 20. Bxh7+ Nxh7 21.
Qb2 dxc4 22. Qxb7 Nhg5 23. Nxg5 hxg5 24. Qxc6 Qxd4 {
las negras parecen tener suficiente contrajuego.}) 19... b5 20. Ne5 Qc8 21. a4
a6 22. axb5 axb5 23. Rxa8 Qxa8 24. Ra1 Qb7 25. c4 Nf6 26. cxb5 Bxd3 27. Nxd3
Qxb5 28. Qxb5 cxb5 {Fritzi. Las negras defienden su posición.}) 19. Ne5 f6 ({
Ahora} 19... Bh7 {tiene menos fuerza,} 20. Rab1 Re7 21. Ng4 {
con la amenaza de f3.}) 20. Ng4 Qa5 {Las negras están claramente muy liadas e
intentan solucionar sus graves problemas por medio de la táctica, pero Vishy
está a la altura de las circunstancias.} 21. Ne3 Be6 ({No salva} 21... Bh7 {por
} 22. h4 Ne6 23. f3 Qxc3 24. Bxe4 Qxc2 25. Bxc2 Nxd4 26. Bxh7+ Kxh7 27. Rad1
Ne6 28. Bd6 {ganando poco a poco.}) 22. Rac1 Nxh3+ {
Podemos decir que es la deseperación, pero las negras ya no tienen defensa:} (
22... f5 23. f3 Nf6 24. Bxf5 Qxa3 25. Be5 $1 {con gran ventaja.} (25. Ra1 Bxf5
26. Nxf5 Rxe1+ 27. Rxe1 Nf7)) 23. gxh3 Bxh3 {Diagrama.} (23... Ng5 24. Kh1) 24.
Nc4 $1 {Ahora le toca a Vishy mostrar sus dotes tácticas, aunque no es difícil
en esta posición.} Qxc3 25. Qxc3 Nxc3 26. Nd6 Rxe1+ 27. Rxe1 b5 28. Re3 Bg4 29.
Bf5 {Y las negras abandonan porque pierden el peón de base tras 29...Bxf5 30.
Nxf5 Ne4 31.Ne7+ y Nxc6.} 1-0

[Event "XXXV Olimpiada"]
[Site "Bled"]
[Date "2002.10.29"]
[Round "4"]
[White "Illescas Cordoba, Miguel"]
[Black "Ivanchuk, Vassily"]
[Result "1/2-1/2"]
[WhiteElo "2585"]
[BlackElo "2709"]
[Annotator "Illescas, M"]
[PlyCount "61"]
[EventDate "2002.10.26"]
[EventType "team"]
[Source "EDAMI"]
[SourceDate "2006.12.20"]

{Jugué esta partida realmente bien, solo me faltó estar dispuesto a asumir
algo más de riesgo. Por supuesto que vi que tras el cambio de damas en la
jugada 30 mi posición era mejor pero me pareció peligroso forzar los
acontecimientos frente a un jugador de la talla de Ivanchuk; además me sentía
muy cómodo con mi jugada que en aquel momento me pareció bastante fuerte. Tras
su respuesta 30...Nd7! no tardé nada en darme cuenta de que había estropeado
la partida y opté por ofrecer el empate: Chucky aceptó de inmediato,
probablemente influido por el desarrollo de la partida.} 1. d4 Nf6 2. c4 e6 3.
Nf3 d5 4. Nc3 c5 5. cxd5 Nxd5 6. e4 Nxc3 7. bxc3 cxd4 8. cxd4 Bb4+ 9. Bd2 Bxd2+
10. Qxd2 O-O 11. Bc4 Nd7 12. O-O b6 13. Rfe1 Bb7 14. Rad1 Rc8 15. Bb3 Qf6 (
15... Nf6 16. Qf4 Qc7 17. Qh4 Rfd8 18. Re3 b5 19. Rde1 a5 20. a4 b4 21. d5 exd5
22. e5 Nd7 23. Ng5 Nf8 24. Nxh7 Nxh7 25. Rh3 Qc1 26. Qxh7+ Kf8 27. Rhe3 d4 28.
Qh8+ Ke7 29. Qxg7 Rf8 30. Qf6+ Ke8 31. e6 {
1-0 Keres,P-Fine,R/Ostende 1937/HCL (31)}) 16. h3 $5 $146 (16. Qb4 Qf4 17. Qe7
Rc7 18. Qg5 Qxg5 19. Nxg5 h6 20. Nf3 Rcc8 21. d5 exd5 22. exd5 Rfe8 23. Rxe8+
Rxe8 24. Nd4 Nc5 25. Bc4 Ne4 26. Bb5 Rd8 27. Bc6 Bxc6 28. Nxc6 Rd7 29. f3 Nf6
30. d6 Ne8 31. Ne7+ Kf8 32. Nc8 Rd8 33. d7 Nf6 34. Nxa7 {
1/2-1/2 Zhu Chen-Portisch,L/Amsterdam 2001/EXT 2002 (34)}) 16... Rfd8 17. Qe3
h6 (17... Nf8 $5) 18. Nh2 $5 Qe7 $1 (18... e5 $6 19. Ng4 Qe7 20. Qg3 $16) 19.
Nf1 (19. Qg3 Nf6 $1) 19... b5 (19... e5 20. dxe5 Nxe5 21. Ng3 $14) (19... Nf6
20. Ng3 Qb4 21. d5 exd5 22. e5 Ne4 23. Nf5 $44) (19... Qg5 $5 20. f4 Qe7) 20.
d5 Nc5 21. dxe6 fxe6 22. Ng3 Rxd1 23. Rxd1 Kh8 (23... Nxb3 24. axb3 $14) 24.
Bc2 a5 25. e5 $1 Bd5 26. Nh5 (26. Nf5 $143 Qg5 $1 (26... exf5 27. Rxd5 $16) 27.
Qxg5 hxg5 28. Nd6 Rb8 29. Bb1 b4 $132) (26. Bb1 $5 Na4 $1 27. Qd3 g5 28. Nh5
Qf7 $13) 26... Bxa2 27. Nf4 Kg8 28. Qa3 (28. Ra1 Bc4 29. Rxa5 b4 $132) 28...
Bc4 $6 (28... Qg5 $1 29. Qxa5 (29. g3 Bd5 $13) 29... Qxf4 30. Rd8+ Rxd8 31.
Qxd8+ Kf7 32. Qc7+ Kg8 $11) 29. Qxa5 $14 Qc7 $5 (29... Qg5 30. g3 $16 Qxe5 $2
31. Rd8+) 30. Qc3 (30. Qxc7 $1 Rxc7 31. Rd8+ Kf7 32. Bg6+ $1 (32. Ng6 Nd7 33.
Ra8 b4 34. Nh8+ Ke7 35. Ng6+ $11) 32... Ke7 33. Rg8 (33. Rb8 $5 b4 $1 (33...
Rb7 $2 34. Rc8 Na4 35. Be8 $18 {/\ Ng6}) 34. Rxb4 (34. Be8 Bd3 $1) 34... Nd7 $1
$11) 33... b4 34. Rxg7+ (34. Be8 Bd3 $1) 34... Kd8 35. Rg8+ Ke7 36. Rb8 (36.
Be8 $5 Bd3 37. Ng6+ Bxg6 38. Bxg6 b3 $14) 36... b3 37. Be8 (37. Kh2 $5) 37...
Bd3 38. Nxd3 Nxd3 39. Rxb3 Nxe5 (39... Rc1+ 40. Kh2 Nxf2 41. Bb5 $14) 40. Bh5
$14) 30... Nd7 $1 (30... Rd8 31. Ra1 $14 Nd7 $2 32. Nxe6) 31. Ng6 (31. Ng6 Be2
$1 (31... Nf8 32. Nxf8 Rxf8 $11) 32. Qxc7 Rxc7 33. Rd2 Bc4 $15) (31. Rd6 $142
Ba2 (31... Nf8 32. Be4 $14) 32. Qd4 $13 (32. Qg3 $6 Nxe5 33. Nxe6 Nf3+ 34. gxf3
Bxe6)) 1/2-1/2

[Event "XXXV Olimpiada"]
[Site "Bled"]
[Date "2002.10.29"]
[Round "4"]
[White "Polgar, Judit"]
[Black "Mamedyarov, Shakhriyar"]
[Result "1-0"]
[WhiteElo "2685"]
[BlackElo "2580"]
[Annotator "Illescas, M"]
[PlyCount "46"]
[EventDate "2002.10.26"]
[EventType "team"]
[Source "EDAMI"]
[SourceDate "2006.12.20"]

{Esta partida es una excelente muestra de lo importante que resulta conocer la
teoría cuando se practican líneas de doble filo. El joven Mamedyarov (17 años,
Azerbaijan) sufre una derrota de libro frente a la siempre peligrosa Polgar.} 
1. e4 e5 2. Nf3 Nc6 3. Bb5 a6 4. Ba4 Nf6 5. O-O Nxe4 6. d4 b5 7. Bb3 d5 8. dxe5
Be6 9. Nbd2 Nc5 10. c3 d4 11. Ng5 $1 {Una importante novedad que introdujo
Karpov frente a Kortschnoi en el legendario match de Baguio y que sirvió a
Kasparov para obtener su más brillante victoria en su match del 95 frente a
Anand. La teoría se ha desarrollado mucho desde entonces.} Bd5 $2 {Esta idea de
Ivan Sokolov se considera refutada desde el año 1999 en que Svidler pudo
derrotar a Anand: los análisis demostrativos fueron publicados en el
Informador y en el ChessBase Magazine.} ({La variante crítica se considera} 
11... dxc3 {
A título informativo ofrecemos el desarrollo de las dos partidas mencionadas:}
12. Nxe6 fxe6 13. bxc3 Qd3 {
La famosa victoria de Kasparov se gestó tras la gran novedad} 14. Bc2 $3 (14.
Nf3 Qxd1 15. Bxd1 Be7 16. Be3 Nd3 17. Bb3 Kf7 18. Rad1 Ndxe5 19. Nxe5+ Nxe5 {
y el juego concluyó en tablas tras dura lucha en Karpov,A-Kortschnoj,V/Baguio
City 1978/}) 14... Qxc3 15. Nb3 Nxb3 16. Bxb3 Nd4 17. Qg4 Qxa1 18. Bxe6 Rd8 19.
Bh6 Qc3 20. Bxg7 Qd3 21. Bxh8 Qg6 22. Bf6 Be7 23. Bxe7 Qxg4 24. Bxg4 Kxe7 25.
Rc1 c6 26. f4 a5 27. Kf2 a4 28. Ke3 b4 29. Bd1 a3 30. g4 Rd5 31. Rc4 c5 32. Ke4
Rd8 33. Rxc5 Ne6 34. Rd5 Rc8 35. f5 Rc4+ 36. Ke3 Nc5 37. g5 Rc1 38. Rd6 {
1-0 Kasparov,G-Anand,V/New York 1995/CBM 49 (38)}) 12. Nxf7 Kxf7 13. Qf3+ Ke6
14. Qg4+ $1 {Esta jugada hizo cambiar la valoración de la variante. Antes se
consideraba que las blancas solo tenían tablas.} Kf7 ({
La partida Svidler,P-Anand,V/Dos Hermanas 1999 continuó con} 14... Ke7 {
y aunque fue tablas quedó claro para todos que las negras no debían entrar en
estas posiciones.}) 15. Qf5+ $1 $16 {Una sensible mejora sobre} (15. e6+ Bxe6
16. Qf3+ Qf6 17. Bxe6+ Nxe6 18. Qxc6 $14 {
Coelho,L-Januario Pereira,S/Teresina 2000}) 15... Ke7 {
Las negras están perdidas: el ataque blanco es demoledor.} (15... Kg8 16. e6
Ne5 17. Qxe5 $18) (15... Ke8 $142 16. e6 Bxe6 17. Bxe6 Qf6 18. Qxf6 gxf6 19.
Bd5 Kd7 20. cxd4 Ne6 $16) 16. e6 Bxe6 (16... Nxb3 17. Nxb3 Bxe6 18. Re1 $18)
17. Re1 $1 $18 {El resto es simplemente una demostración de las buena
capacidad de cálculo de Judit Polgar.} Qd6 18. Bxe6 Nxe6 19. Ne4 Qe5 20. Bg5+
Kd7 (20... Nxg5 21. Nxg5) (20... Ke8 21. Nf6+) 21. Nc5+ $1 Bxc5 (21... Qxc5 22.
Qxe6#) 22. Qf7+ (22. Rxe5 Nxe5 23. Qxe5 $18) 22... Kd6 23. Be7+ $1 ({
Por supuesto no} 23. Rxe5 Nxe5 $17) 23... Kd5 (23... Kd5 24. Qf3+ Qe4 25. c4+
bxc4 26. Qxe4#) (23... Nxe7 24. Rxe5 $18) 1-0